000 00399nam a22001697a 4500
005 20250628141140.0
008 250628b |||||||| |||| 00| 0 eng d
020 _qhbk
041 _aeng
082 _a910.740954
_bVIN
100 _aVinod Goel
245 _aRole Of Sex In Tourism Development
260 _aNew Delhi
_bCyber Tech
300 _a257 p.
650 _aTourism
942 _cENGLISH
999 _c574194
_d574194